| 000 | 00534cam a2200169 a 4500 | ||
|---|---|---|---|
| 020 | _a9780898031706 (pbk.) | ||
| 020 | _a0898031702 | ||
| 050 | 0 | 0 |
_aHB501 _b.M721464 2011 |
| 245 | 0 | 4 |
_aThe morality of capitalism : _bwhat your professors won't tell you / _cedited by Tom G. Palmer. |
| 260 |
_aOttawa, Ill. : _bJameson Books _cc2011. |
||
| 300 | _a129 p. ; | ||
| 500 | _a"Students for Liberty & Atlas Network." | ||
| 650 | 0 | _xMoral and ethical aspects. | |
| 650 | 0 | _xMoral and ethical aspects. | |
| 700 | 1 | _aPalmer, Tom G. | |
| 942 | _cGEN | ||
| 999 |
_c271 _d271 |
||